000 00879nam a22002777a 4500
001 BR0102809
003 BR-BrBNA
005 20230928100922.0
007 ta
008 230509b bl.||||| |||| 00| 0 por d
040 _aBR-BrBNA
_bpor
_cBiblioteca Nacional de Agricultura
041 _a(Por)
072 _aA01
090 _ A01 BR0102809
110 1 _aSecretaria da Agricultura Industria e Commercio do Estado de Sao Paulo, Sao Paulo (Brasil)
245 1 _aNotas agricolas. Collectanea de communicados, notas e informacoes enviados a imprensa pela Directoria de Publicidade Agricola de 1935 a junho de 1938
_bv. 4
260 3 _aSao Paulo, SP (Brasil):
_c1939.
300 _a750 p.
650 _aAgricultura
650 _aSilvicultura
650 _aIndustria
650 _aPecuaria
650 _aLegislacao
909 _a202309
_bLucia
_c55
_dLucia Elande
942 _cBK
999 _c63398
_d63398